| 000 | 00371nam a22001457a 4500 | ||
|---|---|---|---|
| 020 | _qPB. | ||
| 040 | _cFIZZA ISHAQ | ||
| 082 |
_a624.171 _bJIA |
||
| 100 |
_aYE JIANQIAO. _9109895 |
||
| 245 |
_aSTRUCTURAL & STRESS ANALYSIS THEORIES TUTORIALS AND EXAMPLES / _cJIANQIAO YE. |
||
| 250 | _a2ND ED. | ||
| 260 |
_bCRC PRESS, _c2016. |
||
| 300 | _a261 P. ; | ||
| 942 |
_2ddc _cBK |
||
| 999 |
_c593533 _d593533 |
||